[Event "Lichtenrader Herbst"]
[Site "Berlin-Lichtenrade"]
[Date "2015.10.27"]
[Round "4.20"]
[White "Shapiro, Yosip"]
[Black "Bergstrom, Rolf"]
[Result "0-1"]
[WhiteElo "2099"]
[BlackElo "2285"]
[PlyCount "70"]
[EventDate "2015.??.??"]
[WhiteTeam "SV Berolina Mitte"]

1. Nf3 b6 2. b3 Bb7 3. Bb2 e6 4. e3 f5 5. Be2 Nf6 6. O-O g6 7. d4 Bg7 8. c4 O-O
9. Nc3 Na6 10. a3 c5 11. d5 exd5 12. Nxd5 Nxd5 13. Bxg7 Nxe3 14. fxe3 Kxg7 15.
Ne5 Qe7 16. Bf3 Bxf3 17. Nxf3 Nc7 18. Qd2 Rad8 19. Rfe1 d5 20. Qc3+ Qf6 21.
Qxf6+ Kxf6 22. cxd5 Rxd5 23. e4 Rd3 24. exf5 gxf5 25. Ne5 Rd5 26. Nc6 Rd6 27.
Ne5 Re8 28. Nc4 Rxe1+ 29. Rxe1 Rd3 30. Rb1 b5 31. Na5 Ne6 32. Rc1 Ke5 33. Kf2
Rd2+ 34. Kf3 Kd5 35. h3 Nd4+ 0-1

[Event "Lichtenrader Herbst"]
[Site "Berlin-Lichtenrade"]
[Date "2015.10.28"]
[Round "5.1"]
[White "Baldauf, Marco"]
[Black "Kasparov, Sergey"]
[Result "1-0"]
[WhiteElo "2404"]
[BlackElo "2482"]
[PlyCount "89"]
[EventDate "2015.??.??"]
[WhiteTeam "SF 1903 Berlin"]

1. c4 c5 2. Nf3 Nf6 3. Nc3 b6 4. e4 d6 5. d4 cxd4 6. Nxd4 Bb7 7. f3 e6 8. Be2
Be7 9. Be3 a6 10. O-O O-O 11. Qd2 Qc7 12. Rac1 Nbd7 13. a3 Rac8 14. b4 Qb8 15.
Kh1 Ba8 16. Rc2 Rfe8 17. Rb1 Bd8 18. Qc1 Bb7 19. Na4 Ne5 20. Nb2 Qa8 21. Bf1 h5
22. Nd3 Nxd3 23. Bxd3 Nd7 24. Bf1 h4 25. h3 Rc7 26. Bf2 Be7 27. Qd2 Qd8 28. Nb3
Bc6 29. Ra2 Qc8 30. a4 Ba8 31. a5 bxa5 32. Rxa5 Bb7 33. Rba1 Qb8 34. Qe1 Ne5
35. c5 Nc6 36. R5a4 Bc8 37. Rd1 Rb7 38. cxd6 Bxd6 39. Nc5 Bxc5 40. Bxc5 Rd7 41.
Rxd7 Bxd7 42. Rxa6 Qf4 43. b5 Ne5 44. Be3 Qf6 45. Qa1 1-0

[Event "Lichtenrader Herbst"]
[Site "Berlin-Lichtenrade"]
[Date "2015.10.28"]
[Round "5.2"]
[White "Rietze, Clemens"]
[Black "Stremavicius, Titas"]
[Result "0-1"]
[WhiteElo "2279"]
[BlackElo "2466"]
[PlyCount "70"]
[EventDate "2015.??.??"]
[WhiteTeam "SC Rotation Pankow"]
[BlackTeam "Kaunas Margiris"]

1. d4 f5 2. c4 Nf6 3. g3 g6 4. Bg2 Bg7 5. Nc3 d6 6. Nf3 O-O 7. O-O c6 8. c5
dxc5 9. Qb3+ Kh8 10. dxc5 Na6 11. Qc4 Qe8 12. Ne5 Nd7 13. Nxd7 Bxd7 14. Rd1 e5
15. Be3 Be6 16. Qa4 Qe7 17. Rd6 Nc7 18. Rad1 a6 19. Qc2 Ne8 20. Na4 f4 21. gxf4
exf4 22. Bd4 Nxd6 23. cxd6 Qg5 24. Qc3 f3 25. Bxg7+ Kg8 26. exf3 Bh3 27. Qc4+
Kxg7 28. Qf1 Rxf3 29. Nc5 Qxc5 30. Bxh3 Raf8 31. Kh1 Rxf2 32. Qe1 Qh5 33. Bg2
Qe2 34. Qc3+ R8f6 35. Rg1 Qd2 0-1

[Event "Lichtenrader Herbst"]
[Site "Berlin-Lichtenrade"]
[Date "2015.10.28"]
[Round "5.3"]
[White "Danin, Alexandre"]
[Black "Bruedigam, Martin"]
[Result "1/2-1/2"]
[WhiteElo "2579"]
[BlackElo "2375"]
[PlyCount "55"]
[EventDate "2015.??.??"]
[WhiteTeam "Bochumer SV"]
[BlackTeam "SK König Tegel"]

1. e4 e5 2. Nf3 Nc6 3. d4 exd4 4. Nxd4 Nf6 5. Nxc6 bxc6 6. e5 Qe7 7. Qe2 Nd5 8.
c4 Ba6 9. b3 g6 10. g3 Bg7 11. Bb2 O-O 12. Bg2 Rae8 13. O-O Bxe5 14. Qxe5 Qxe5
15. Bxe5 Rxe5 16. cxd5 Bxf1 17. Kxf1 cxd5 18. Nc3 c6 19. Rc1 Rfe8 20. Bf3 Kf8
21. Na4 Ke7 22. Nc5 Kd6 23. h4 f5 24. b4 Rb8 25. Nd3 Re4 26. a3 Rd4 27. Ke2 a5
28. Ke3 1/2-1/2

[Event "Lichtenrader Herbst"]
[Site "Berlin-Lichtenrade"]
[Date "2015.10.28"]
[Round "5.4"]
[White "Kovalev, Andrei"]
[Black "Foerster, Jonas"]
[Result "1-0"]
[WhiteElo "2534"]
[BlackElo "2261"]
[PlyCount "55"]
[EventDate "2015.??.??"]
[BlackTeam "SSC Rostock"]

1. e4 g6 2. d4 Bg7 3. Nf3 d6 4. Nc3 Nd7 5. Bc4 e6 6. a4 Ne7 7. a5 c6 8. O-O d5
9. Bd3 h6 10. Re1 O-O 11. Bf4 Nf6 12. e5 Nd7 13. b4 b6 14. Qc1 g5 15. Bd2 bxa5
16. h4 axb4 17. Na4 a5 18. hxg5 hxg5 19. Nxg5 Nf5 20. Bxf5 exf5 21. Qd1 f6 22.
Ne6 Qe7 23. Nxg7 Kxg7 24. e6 Nb8 25. Qh5 Rh8 26. Qxf5 Na6 27. Qg4+ Kf8 28. Qg6
1-0

[Event "Lichtenrader Herbst"]
[Site "Berlin-Lichtenrade"]
[Date "2015.10.28"]
[Round "5.5"]
[White "Romanishin, Oleg M"]
[Black "Dimitrijeski, Kristian"]
[Result "1-0"]
[WhiteElo "2474"]
[BlackElo "2182"]
[PlyCount "69"]
[EventDate "2015.??.??"]
[BlackTeam "SK König Tegel"]

1. Nf3 d5 2. g3 c6 3. Bg2 Bg4 4. c4 e6 5. Ne5 Bf5 6. d4 Nd7 7. O-O Ngf6 8. Nc3
Be7 9. Qb3 Qb6 10. Nxd7 Nxd7 11. e4 dxe4 12. Nxe4 Nf6 13. Nc5 Bxc5 14. dxc5
Qxb3 15. axb3 O-O 16. Bf4 Rfd8 17. Rfe1 Rd3 18. Ra3 a6 19. h3 Rad8 20. Bd6 Ne8
21. Be5 Nf6 22. g4 Bg6 23. b4 Rd1 24. Ra1 Rxa1 25. Rxa1 Ne4 26. Bd6 Nxd6 27.
Rd1 f6 28. cxd6 e5 29. c5 Bf7 30. Re1 Rd7 31. Kh2 Kf8 32. Kg3 Bd5 33. Bxd5 cxd5
34. f4 exf4+ 35. Kxf4 1-0

[Event "Lichtenrader Herbst"]
[Site "Berlin-Lichtenrade"]
[Date "2015.10.28"]
[Round "5.6"]
[White "Solys, Laimutis"]
[Black "Boetzer, Detlef"]
[Result "1/2-1/2"]
[WhiteElo "2344"]
[BlackElo "2226"]
[PlyCount "44"]
[EventDate "2015.??.??"]
[WhiteTeam "Kaunas Margiris"]
[BlackTeam "SC Rotation Pankow"]

1. d4 Nf6 2. c4 g6 3. Nc3 Bg7 4. e4 d6 5. Nf3 O-O 6. Be2 e5 7. Be3 exd4 8. Nxd4
Re8 9. f3 c6 10. Bf2 d5 11. exd5 cxd5 12. O-O Nc6 13. c5 Nh5 14. Qd2 Be5 15. g3
Bh3 16. Rfe1 Ng7 17. Bb5 Rc8 18. f4 Nxd4 19. Bxd4 Bxd4+ 20. Qxd4 Rxe1+ 21. Rxe1
Ne6 22. Qxd5 Qxd5 1/2-1/2

[Event "Lichtenrader Herbst"]
[Site "Berlin-Lichtenrade"]
[Date "2015.10.28"]
[Round "5.7"]
[White "Noetzel, Felix"]
[Black "Meister, Jakob"]
[Result "0-1"]
[WhiteElo "2110"]
[BlackElo "2437"]
[PlyCount "72"]
[EventDate "2015.??.??"]
[WhiteTeam "SF 1903 Berlin"]
[BlackTeam "SK Zehlendorf"]

1. e4 c5 2. d4 cxd4 3. c3 e5 4. cxd4 exd4 5. Qxd4 Nc6 6. Qa4 Nf6 7. Nc3 Bb4 8.
Bd2 O-O 9. O-O-O Re8 10. f3 d6 11. Nge2 Bd7 12. Kb1 Bc5 13. Nf4 Rc8 14. Bb5 a6
15. Bxc6 Bxc6 16. Qb3 Nd7 17. Ncd5 a5 18. h4 a4 19. Qc2 a3 20. b3 Ne5 21. Bc3
Bb5 22. Qd2 Qd7 23. h5 h6 24. Rh3 Kh7 25. g4 f6 26. Ng6 Qf7 27. Nxe5 dxe5 28.
f4 exf4 29. Qxf4 Qe6 30. e5 fxe5 31. Qe4+ Kh8 32. Rg3 Bc6 33. g5 Bxd5 34. Rxd5
Bd4 35. Bb4 Qc6 36. Bxa3 Rf8 0-1

[Event "Lichtenrader Herbst"]
[Site "Berlin-Lichtenrade"]
[Date "2015.10.28"]
[Round "5.8"]
[White "Malek, Daniel"]
[Black "Potseluev, Sergey"]
[Result "1-0"]
[WhiteElo "2426"]
[BlackElo "2085"]
[PlyCount "95"]
[EventDate "2015.??.??"]
[WhiteTeam "SK Zehlendorf"]

1. d4 Nf6 2. c4 g6 3. Nc3 d5 4. Bf4 Bg7 5. e3 O-O 6. Rc1 c6 7. Nf3 Qb6 8. b3
Bg4 9. Bd3 Nbd7 10. O-O Rfe8 11. cxd5 Nxd5 12. Nxd5 cxd5 13. Bc7 Qb4 14. h3
Bxf3 15. Qxf3 Nf6 16. Rc5 Qa3 17. Qe2 e6 18. Rfc1 Bf8 19. R5c2 Rec8 20. e4 Nxe4
21. Bxe4 dxe4 22. Qxe4 Qa6 23. a4 Ba3 24. Rd1 Bd6 25. Rdc1 Ba3 26. Rd1 Bd6 27.
Bxd6 Rxc2 28. Qxc2 Qxd6 29. Qc5 Rd8 30. Qxa7 Qb4 31. Rd3 Qe1+ 32. Kh2 Qxf2 33.
Qxb7 Qf4+ 34. g3 Qf2+ 35. Qg2 Qe1 36. Rd2 Qe3 37. a5 Rd7 38. b4 e5 39. d5 Qc3
40. Rb2 e4 41. a6 Qc4 42. b5 e3 43. Qe2 Qxd5 44. Qxe3 Qd6 45. a7 Rd8 46. b6 Qf6
47. Qf2 Qc6 48. Qg2 1-0

[Event "Lichtenrader Herbst"]
[Site "Berlin-Lichtenrade"]
[Date "2015.10.28"]
[Round "5.9"]
[White "Feikes, Joerg"]
[Black "Muse, Mladen"]
[Result "0-1"]
[WhiteElo "2022"]
[BlackElo "2380"]
[PlyCount "66"]
[EventDate "2015.??.??"]
[BlackTeam "SK König Tegel"]

1. e4 g6 2. d4 Bg7 3. Nc3 c6 4. Nf3 d6 5. h3 Nf6 6. Be2 O-O 7. O-O Nbd7 8. a4
a5 9. Re1 e5 10. Bf1 exd4 11. Nxd4 Re8 12. Nb3 Nb6 13. Be3 Be6 14. Bxb6 Qxb6
15. Qxd6 Bxb3 16. cxb3 Rad8 17. Qf4 Qxb3 18. Qc1 Rd4 19. Ra3 Qb6 20. Qc2 Qc5
21. Bd3 Nh5 22. Nd1 Qxc2 23. Bxc2 Rd2 24. Bb3 Bf8 25. Ra1 Nf4 26. Bc4 Rd4 27.
Bf1 Rexe4 28. Rxe4 Rxe4 29. Ne3 Bc5 30. Nc4 b6 31. Rd1 Ne2+ 32. Bxe2 Rxe2 33.
Rd2 Bxf2+ 0-1

[Event "Lichtenrader Herbst"]
[Site "Berlin-Lichtenrade"]
[Date "2015.10.28"]
[Round "5.10"]
[White "Muse, Drazen"]
[Black "Daverkausen, Bernd"]
[Result "1-0"]
[WhiteElo "2393"]
[BlackElo "2157"]
[PlyCount "61"]
[EventDate "2015.??.??"]
[WhiteTeam "SK König Tegel"]
[BlackTeam "SC Zugzwang 95 (Berlin)"]

1. d4 Nf6 2. g3 g6 3. Bg2 Bg7 4. e4 d6 5. Ne2 O-O 6. O-O Nbd7 7. Nbc3 e5 8. h3
c6 9. a4 a5 10. Be3 Qe7 11. Qd2 exd4 12. Bxd4 Ne5 13. f4 Nc4 14. Qc1 Nd7 15.
Bxg7 Kxg7 16. b3 Ncb6 17. Qd2 Nc5 18. Rad1 Rd8 19. Qd4+ Kg8 20. f5 Nbd7 21.
Qxd6 Qxd6 22. Rxd6 Re8 23. g4 Ne5 24. Nd4 b6 25. Nf3 Bb7 26. Rfd1 Kg7 27. R1d4
Rac8 28. Nxe5 Rxe5 29. Bf3 g5 30. Ne2 Rce8 31. Ng3 1-0

[Event "Lichtenrader Herbst"]
[Site "Berlin-Lichtenrade"]
[Date "2015.10.28"]
[Round "5.11"]
[White "Boettcher, Patrick"]
[Black "Lyell, Mark"]
[Result "1/2-1/2"]
[WhiteElo "2152"]
[BlackElo "2285"]
[PlyCount "104"]
[EventDate "2015.??.??"]
[WhiteTeam "SC Zitadelle Spandau"]

1. e4 e6 2. d4 d5 3. Nc3 Nf6 4. e5 Nfd7 5. f4 c5 6. Nf3 Nc6 7. Be3 cxd4 8. Nxd4
Bc5 9. Qd2 O-O 10. Be2 a6 11. Bf3 Qe7 12. Nce2 Nb6 13. b3 Bd7 14. O-O Rac8 15.
a4 Rc7 16. Rfd1 Nc8 17. Kh1 N8a7 18. c3 Nxd4 19. Bxd4 Nc6 20. Rdc1 Nxd4 21.
Nxd4 f6 22. exf6 Qxf6 23. Ne2 Be8 24. Re1 Bf2 25. Red1 Bg6 26. Rac1 Ba7 27. g3
Rfc8 28. Nd4 Bxd4 29. cxd4 h6 30. Rxc7 Rxc7 31. Rc1 Rxc1+ 32. Qxc1 Qxd4 33.
Qc8+ Kh7 34. Qxe6 Qf2 35. Qe2 Qxe2 36. Bxe2 Bc2 37. Kg1 Kg6 38. a5 Bxb3 39. Kf2
Kf5 40. Ke3 Ke6 41. Kd4 Kd6 42. f5 Kc6 43. g4 b6 44. axb6 Kxb6 45. h4 Kc6 46.
Bxa6 Kd6 47. g5 hxg5 48. hxg5 Bc2 49. Bc8 Bb1 50. f6 gxf6 51. gxf6 Bg6 52. Bg4
Bf7 1/2-1/2

[Event "Lichtenrader Herbst"]
[Site "Berlin-Lichtenrade"]
[Date "2015.10.28"]
[Round "5.12"]
[White "Bergstrom, Rolf"]
[Black "Schnabel, Bennett"]
[Result "1-0"]
[WhiteElo "2285"]
[BlackElo "2063"]
[PlyCount "97"]
[EventDate "2015.??.??"]
[BlackTeam "SV Mattnetz Berlin"]

1. e4 c5 2. Nf3 Nc6 3. Bb5 e5 4. O-O Bd6 5. Re1 Nge7 6. c3 Qc7 7. Bf1 a6 8. a4
O-O 9. Na3 Qd8 10. d4 cxd4 11. cxd4 exd4 12. Nxd4 Be5 13. Nf3 Bc7 14. Bc4 Ne5
15. Bb3 N7c6 16. Nxe5 Nxe5 17. Nc4 Qf6 18. Ne3 Bb6 19. Qe2 Bxe3 20. Bxe3 d6 21.
f3 Be6 22. Qd1 Rac8 23. Re2 h6 24. Bd5 Bxd5 25. Qxd5 Rc6 26. Bd4 Rfc8 27. Bc3
b6 28. Rf1 Qe7 29. f4 Nd7 30. Re3 Nf6 31. Qd3 Rc4 32. Rg3 Kh8 33. e5 dxe5 34.
fxe5 Ne8 35. Rgf3 R4c7 36. Rxf7 Qxf7 37. Rxf7 Rxf7 38. Qxa6 Rd8 39. h3 Rd1+ 40.
Kh2 Nc7 41. Qc8+ Kh7 42. e6 Re7 43. Bb4 Rxe6 44. Qxc7 Rf1 45. Qc2+ Rg6 46. Bc3
Rf8 47. Bd4 Rb8 48. h4 h5 49. Qf5 1-0

[Event "Lichtenrader Herbst"]
[Site "Berlin-Lichtenrade"]
[Date "2015.10.28"]
[Round "5.13"]
[White "Lerch, Philipp"]
[Black "Zschaebitz, Klaus"]
[Result "1-0"]
[WhiteElo "2307"]
[BlackElo "2066"]
[PlyCount "67"]
[EventDate "2015.??.??"]
[WhiteTeam "SC Kreuzberg"]
[BlackTeam "Berliner SchGes Eckbauer"]

1. c4 b6 2. Nc3 Bb7 3. e4 e6 4. Nge2 Ne7 5. g3 g6 6. Bg2 Bg7 7. d4 d6 8. O-O
O-O 9. Be3 Nd7 10. Qd2 Kh8 11. Rad1 Ng8 12. Rfe1 Qe7 13. f4 f5 14. e5 Bxg2 15.
Kxg2 dxe5 16. dxe5 Rfd8 17. Nd4 Nc5 18. Qf2 Qe8 19. Qf3 a5 20. Nc6 Rxd1 21.
Rxd1 Bf8 22. Bxc5 Bxc5 23. Nb5 Qc8 24. Ncd4 Bxd4 25. Nxd4 Ra6 26. Nc6 Ra8 27.
Nd8 Ra6 28. Qb7 Qxb7+ 29. Nxb7 a4 30. Rd7 b5 31. c5 Rc6 32. Nd8 Rxc5 33. Nf7+
Kg7 34. Ng5+ 1-0

[Event "Lichtenrader Herbst"]
[Site "Berlin-Lichtenrade"]
[Date "2015.10.28"]
[Round "5.14"]
[White "Llopis de Aysa, Manuel"]
[Black "Peters, Alex"]
[Result "1/2-1/2"]
[WhiteElo "2008"]
[BlackElo "2262"]
[PlyCount "53"]
[EventDate "2015.??.??"]
[WhiteTeam "La Tour Aycelin"]
[BlackTeam "Brühler SK"]

1. d4 Nf6 2. c4 e5 3. dxe5 Ng4 4. Bf4 Nc6 5. Nf3 Bb4+ 6. Nbd2 Qe7 7. e3 Ngxe5
8. Nxe5 Nxe5 9. Be2 O-O 10. O-O Bxd2 11. Qxd2 d6 12. Rac1 b6 13. b4 Rd8 14. Qc3
a5 15. c5 axb4 16. cxd6 cxd6 17. Qxb4 Rxa2 18. Bxe5 Qxe5 19. Qxb6 Re8 20. Bf3
h5 21. Rfd1 Ra6 22. Qd4 g6 23. Bc6 Qxd4 24. Rxd4 Rd8 25. h4 Be6 26. Bd5 Rd7 27.
g3 1/2-1/2

[Event "Lichtenrader Herbst"]
[Site "Berlin-Lichtenrade"]
[Date "2015.10.28"]
[Round "5.15"]
[White "Steponavicius, Stasys"]
[Black "Hahlbohm, Matthias"]
[Result "1-0"]
[WhiteElo "2194"]
[BlackElo "2065"]
[PlyCount "49"]
[EventDate "2015.??.??"]
[WhiteTeam "Kaunas Margiris"]
[BlackTeam "TSG Oberschöneweide"]

1. d4 c5 2. d5 Nf6 3. c4 g6 4. Nc3 Bg7 5. e4 d6 6. Be2 O-O 7. g4 Ne8 8. Be3 Na6
9. Qd2 Nac7 10. h4 e5 11. h5 f5 12. Bg5 Nf6 13. hxg6 fxg4 14. Rxh7 Qe8 15.
Rxg7+ Kxg7 16. Bh6+ Kg8 17. Qg5 Qe7 18. Bxf8 Qxf8 19. f3 Kg7 20. O-O-O Qe8 21.
fxg4 Qxg6 22. Qxg6+ Kxg6 23. Nf3 Nxg4 24. Rg1 Kh6 25. Nh4 1-0

[Event "Lichtenrader Herbst"]
[Site "Berlin-Lichtenrade"]
[Date "2015.10.28"]
[Round "5.16"]
[White "Schnabel, Ralf"]
[Black "Heerde, Thomas"]
[Result "1-0"]
[WhiteElo "2241"]
[BlackElo "1988"]
[PlyCount "78"]
[EventDate "2015.??.??"]
[WhiteTeam "ESV Nickelhütte Aue"]
[BlackTeam "SC Weisse Dame (Berlin)"]

1. e4 d6 2. d4 Nf6 3. Nc3 g6 4. f4 Bg7 5. Nf3 O-O 6. Be3 b6 7. e5 Ng4 8. Qd2
Bb7 9. O-O-O c5 10. dxc5 bxc5 11. Bxc5 Qa5 12. Ba3 dxe5 13. Bc4 e4 14. Nxe4
Qxd2+ 15. Nfxd2 Ne3 16. Rde1 Nxg2 17. Re2 Nxf4 18. Rf2 Bh6 19. Re1 Bd5 20. Rxf4
Bxc4 21. Rh4 Bxd2+ 22. Nxd2 Be6 23. Bxe7 Re8 24. Bf6 Nd7 25. Bd4 Bf5 26. Nf3
Rxe1+ 27. Nxe1 f6 28. Bc3 Ne5 29. Ra4 a6 30. Bxe5 fxe5 31. b4 Rb8 32. a3 Rb6
33. c4 Kf7 34. Ra5 Ke6 35. Nf3 Rc6 36. Nxe5 Rc7 37. Kd2 h6 38. Kc3 g5 39. Nf3
Bg4 1-0

[Event "Lichtenrader Herbst"]
[Site "Berlin-Lichtenrade"]
[Date "2015.10.28"]
[Round "5.17"]
[White "Bankmann, Daniel"]
[Black "Krefenstein, Sergej"]
[Result "0-1"]
[WhiteElo "2020"]
[BlackElo "2205"]
[PlyCount "122"]
[EventDate "2015.??.??"]
[WhiteTeam "SC Gelnhausen"]
[BlackTeam "TuS Makkabi Berlin"]

1. e4 e5 2. Nc3 Nf6 3. Bc4 Nc6 4. d3 Na5 5. Qf3 Nxc4 6. dxc4 d6 7. Bg5 Be7 8.
h3 Be6 9. Qd3 O-O 10. Nge2 h6 11. Be3 Nd7 12. Ng3 Nc5 13. Qe2 Bg5 14. b3 Bxe3
15. Qxe3 f5 16. exf5 Bxf5 17. Nxf5 Rxf5 18. O-O Qh4 19. Rad1 Raf8 20. Nd5 Ne6
21. Rd3 c6 22. Nc3 Nf4 23. Ne2 Nxd3 24. cxd3 b6 25. Ng3 R5f7 26. a4 Qf4 27.
Qxf4 exf4 28. Ne4 Rd8 29. Nc3 Re7 30. Ra1 Rb8 31. Kf1 Kf7 32. Ne2 g5 33. Nd4
Rc8 34. Nf5 Re6 35. Nd4 Rf6 36. a5 d5 37. axb6 axb6 38. Ra7+ Kg6 39. cxd5 cxd5
40. Rd7 Rc1+ 41. Ke2 h5 42. Rxd5 g4 43. hxg4 hxg4 44. Rd8 Kh5 45. Rh8+ Kg5 46.
Rg8+ Rg6 47. Ne6+ Kf6 48. Rxg6+ Kxg6 49. Nxf4+ Kf5 50. Nd5 b5 51. Kd2 Rg1 52.
Kc3 Kg5 53. Ne3 Kf4 54. Nd5+ Kg5 55. Kb4 Rxg2 56. Nc3 Kf4 57. Ne4 Kf3 58. Ng5+
Kxf2 59. Kxb5 Ke3 60. b4 Rh2 61. Kc6 g3 0-1

[Event "Lichtenrader Herbst"]
[Site "Berlin-Lichtenrade"]
[Date "2015.10.28"]
[Round "5.18"]
[White "Richter, Goetz"]
[Black "Marzano, Carlo"]
[Result "0-1"]
[WhiteElo "2078"]
[BlackElo "2152"]
[PlyCount "108"]
[EventDate "2015.??.??"]
[WhiteTeam "Klub Kölner SF"]

1. e4 d6 2. d4 Nf6 3. Nc3 e5 4. dxe5 dxe5 5. Qxd8+ Kxd8 6. Bg5 Be6 7. O-O-O+
Nbd7 8. f3 Bc5 9. Na4 Bd6 10. c4 Ke7 11. Be3 Nb6 12. Nxb6 axb6 13. Kb1 Nd7 14.
Bd3 b5 15. Rc1 b4 16. b3 Bc5 17. Bd2 Nb8 18. Rd1 Rd8 19. Bc2 Rd6 20. Bg5+ f6
21. Rxd6 Kxd6 22. Bd2 Nc6 23. Ne2 Ke7 24. Nc1 b6 25. Nd3 Rd8 26. Kc1 Kf7 27.
Bb1 g6 28. Re1 Bd6 29. Kb2 Bc5 30. Kc1 Re8 31. Bc2 Bc8 32. Bb1 Bf8 33. Bc2 Bc5
34. Bb1 f5 35. exf5 gxf5 36. Be3 Bxe3+ 37. Rxe3 Kf6 38. Nf4 Be6 39. Nd3 Rg8 40.
g3 h5 41. Re2 h4 42. gxh4 Rh8 43. Kb2 Rxh4 44. a3 Nd4 45. Rf2 bxa3+ 46. Kxa3
Rh3 47. Ne1 Bf7 48. Bd3 c5 49. Kb2 Be8 50. Bf1 Rh7 51. h3 Bc6 52. Bg2 Rg7 53.
f4 e4 54. Bf1 Rg3 0-1

[Event "Lichtenrader Herbst"]
[Site "Berlin-Lichtenrade"]
[Date "2015.10.28"]
[Round "5.19"]
[White "Prilleltensky, Matan"]
[Black "Rosmait, Emily"]
[Result "1-0"]
[WhiteElo "2150"]
[BlackElo "1931"]
[PlyCount "49"]
[EventDate "2015.??.??"]
[WhiteTeam "Marshall Chess Club"]
[BlackTeam "TuRa Harksheide"]

1. d4 Nf6 2. c4 c5 3. d5 e5 4. Nc3 d6 5. e4 Be7 6. Nf3 Nbd7 7. Be2 Nf8 8. a3
Ng6 9. b4 b6 10. O-O O-O 11. Rb1 h6 12. Ne1 Nh7 13. Nd3 f5 14. Bh5 Rf6 15. f4
Nxf4 16. Nxf4 exf4 17. Bxf4 fxe4 18. Nxe4 Rf8 19. Bg6 cxb4 20. axb4 Ng5 21.
Bxg5 Bxg5 22. Nxg5 Qxg5 23. Bh7+ Kxh7 24. Rxf8 Qg6 25. Qf1 1-0

[Event "Lichtenrader Herbst"]
[Site "Berlin-Lichtenrade"]
[Date "2015.10.28"]
[Round "5.20"]
[White "Holinka, Henning"]
[Black "Juhnke, Juergen"]
[Result "0-1"]
[WhiteElo "2009"]
[BlackElo "2185"]
[PlyCount "74"]
[EventDate "2015.??.??"]
[WhiteTeam "Hamburger SK"]
[BlackTeam "SK Lister Turm"]

1. e4 c5 2. Nf3 d6 3. d4 cxd4 4. Nxd4 Nf6 5. Nc3 a6 6. Bg5 e6 7. f4 h6 8. Bh4
Be7 9. Qf3 Qc7 10. O-O-O Nbd7 11. Bd3 g5 12. fxg5 Ne5 13. Qe2 Nfg4 14. Nf3 hxg5
15. Bxg5 Bxg5+ 16. Nxg5 Qc5 17. Nh3 Bd7 18. Qd2 O-O-O 19. Rdf1 Ne3 20. Re1 N3g4
21. Nd1 Bc6 22. Ne3 Nxd3+ 23. Qxd3 Ne5 24. Qb3 Bxe4 25. Ng5 Nd3+ 26. Kb1 Qxg5
27. cxd3 Bc6 28. Re2 Kb8 29. h3 Rc8 30. Rf1 Rc7 31. Nc4 Rhc8 32. Qb4 Bxg2 33.
Rg1 Rxc4 34. dxc4 Be4+ 35. Rxe4 Qxg1+ 36. Re1 Qd4 37. b3 Rh8 0-1

[Event "Lichtenrader Herbst"]
[Site "Berlin-Lichtenrade"]
[Date "2015.10.29"]
[Round "6.1"]
[White "Stremavicius, Titas"]
[Black "Baldauf, Marco"]
[Result "1-0"]
[WhiteElo "2466"]
[BlackElo "2404"]
[PlyCount "81"]
[EventDate "2015.??.??"]
[WhiteTeam "Kaunas Margiris"]
[BlackTeam "SF 1903 Berlin"]

1. d4 Nf6 2. c4 g6 3. Nc3 d5 4. Bg5 Ne4 5. Bh4 Nxc3 6. bxc3 dxc4 7. e3 Be6 8.
Nf3 Bg7 9. Be2 Nd7 10. O-O Nb6 11. Nd2 c5 12. Qb1 O-O 13. Rc1 Rc8 14. a4 cxd4
15. cxd4 c3 16. Ne4 Bf5 17. g4 Be6 18. Nc5 Rxc5 19. dxc5 Nd7 20. Qb4 Ne5 21.
Rd1 Qc7 22. Rac1 f5 23. gxf5 gxf5 24. Bg3 Qc6 25. Qxc3 Ng6 26. Qb4 f4 27. exf4
Bh3 28. Qb3+ Kh8 29. Bf3 Qf6 30. Bxb7 h5 31. Rd5 e5 32. fxe5 Qg5 33. Qe3 Nf4
34. Rc4 Qg6 35. Rd1 Bh6 36. Rxf4 Bxf4 37. Qe4 Qg4 38. f3 Qg5 39. Kf2 h4 40.
Bxf4 Qg2+ 41. Ke3 1-0

[Event "Lichtenrader Herbst"]
[Site "Berlin-Lichtenrade"]
[Date "2015.10.29"]
[Round "6.2"]
[White "Meister, Jakob"]
[Black "Romanishin, Oleg M"]
[Result "1/2-1/2"]
[WhiteElo "2437"]
[BlackElo "2474"]
[PlyCount "78"]
[EventDate "2015.??.??"]
[WhiteTeam "SK Zehlendorf"]

1. c4 e5 2. Nc3 Nf6 3. g3 d5 4. cxd5 Nxd5 5. Bg2 Nb6 6. Nf3 Nc6 7. O-O Be7 8.
Rb1 a5 9. d3 Be6 10. Be3 Nd5 11. Bd2 O-O 12. a3 Kh8 13. Na4 f5 14. e4 Nb6 15.
Nxb6 cxb6 16. Bc3 Bf6 17. Qe2 b5 18. exf5 Bxf5 19. Rbd1 Qc7 20. Rc1 Qd6 21.
Rfd1 b4 22. axb4 axb4 23. Be1 Rad8 24. Qe3 Bxd3 25. Nd2 Qd4 26. Ne4 Qxe3 27.
fxe3 Be7 28. h4 h6 29. Nf2 Be2 30. Rxd8 Rxd8 31. Bf1 Bxf1 32. Kxf1 Kg8 33. Ke2
Kf7 34. Nd3 Rd5 35. e4 Ra5 36. Bf2 Ke6 37. Bc5 Bd6 38. Ke3 Rb5 39. Bxd6 Kxd6
1/2-1/2

[Event "Lichtenrader Herbst"]
[Site "Berlin-Lichtenrade"]
[Date "2015.10.29"]
[Round "6.3"]
[White "Kasparov, Sergey"]
[Black "Kovalev, Andrei"]
[Result "1/2-1/2"]
[WhiteElo "2482"]
[BlackElo "2534"]
[PlyCount "50"]
[EventDate "2015.??.??"]

1. d4 g6 2. e4 Bg7 3. Nc3 d6 4. Nge2 Nf6 5. g3 O-O 6. Bg2 e5 7. O-O c6 8. a4 a5
9. h3 Na6 10. Be3 Nb4 11. Na2 exd4 12. Bxd4 Re8 13. Nxb4 axb4 14. c3 Nxe4 15.
cxb4 Bh6 16. Bxe4 Rxe4 17. Nc3 Re8 18. Qf3 Bxh3 19. Rfe1 Rxe1+ 20. Rxe1 d5 21.
Re8+ Qxe8 22. Qf6 Kf8 23. Bc5+ Kg8 24. Bd4 Kf8 25. Bc5+ Kg8 1/2-1/2

[Event "Lichtenrader Herbst"]
[Site "Berlin-Lichtenrade"]
[Date "2015.10.29"]
[Round "6.4"]
[White "Danin, Alexandre"]
[Black "Steponavicius, Stasys"]
[Result "1-0"]
[WhiteElo "2579"]
[BlackElo "2194"]
[PlyCount "61"]
[EventDate "2015.??.??"]
[WhiteTeam "Bochumer SV"]
[BlackTeam "Kaunas Margiris"]

1. e4 c5 2. Nf3 Nc6 3. d4 cxd4 4. Nxd4 Nf6 5. Nc3 e5 6. Ndb5 d6 7. Bg5 a6 8.
Na3 Be6 9. Nc4 Rc8 10. Bxf6 gxf6 11. Bd3 Rg8 12. O-O Bg4 13. Be2 Bh3 14. Ne3
Bh6 15. Bg4 Bxg4 16. Nxg4 Bg5 17. Nd5 Rg6 18. c3 Ne7 19. Nge3 Bxe3 20. Nxe3 Qb6
21. Rb1 Qc6 22. Qf3 h5 23. Rbd1 h4 24. Rd2 h3 25. Qxh3 Qxe4 26. Rxd6 f5 27.
Rfd1 f4 28. Rxg6 fxg6 29. Qd7+ Kf7 30. Nd5 Re8 31. Qxe8+ 1-0

[Event "Lichtenrader Herbst"]
[Site "Berlin-Lichtenrade"]
[Date "2015.10.29"]
[Round "6.5"]
[White "Schnabel, Ralf"]
[Black "Malek, Daniel"]
[Result "1/2-1/2"]
[WhiteElo "2241"]
[BlackElo "2426"]
[PlyCount "173"]
[EventDate "2015.??.??"]
[WhiteTeam "ESV Nickelhütte Aue"]
[BlackTeam "SK Zehlendorf"]

1. e4 e5 2. Nf3 Nf6 3. Nxe5 d6 4. Nf3 Nxe4 5. Nc3 Nxc3 6. dxc3 Be7 7. Be3 O-O
8. Qd2 Nd7 9. O-O-O c6 10. h3 d5 11. g4 Re8 12. Kb1 Nc5 13. c4 Ne4 14. Qd3 Be6
15. Nd4 dxc4 16. Qxe4 Bd5 17. Nxc6 bxc6 18. Qxc4 Bxc4 19. Rxd8 Bxa2+ 20. Kxa2
Bxd8 21. Bg2 Re6 22. c4 Bb6 23. c5 Bc7 24. Rc1 Kf8 25. Rc4 a5 26. Be4 g6 27.
Bd2 Rd8 28. Bc3 Be5 29. Bxe5 Rxe5 30. Bxc6 Rd2 31. Be4 Re7 32. c6 Rc7 33. f3
Ke7 34. Rc5 a4 35. Ra5 Rd4 36. Ka3 h6 37. h4 Kd6 38. g5 hxg5 39. hxg5 Re7 40.
Ra8 Kc7 41. Ra7+ Kd6 42. Ra8 Rc4 43. Ra5 Rc5 44. Rxc5 Kxc5 45. Kxa4 Kb6 46. Bd5
Re5 47. Bxf7 Rxg5 48. Be8 Ra5+ 49. Kb4 g5 50. Bd7 Rc5 51. Kb3 Rc1 52. Kb4 Rc2
53. b3 Rc1 54. Be8 Re1 55. Bd7 Re3 56. Bg4 Kxc6 57. Kc4 Kd6 58. Bh5 Re6 59. Kd4
Rf6 60. Kc4 Kc6 61. Be8+ Kb6 62. Bh5 Rf4+ 63. Kd3 Kc5 64. Kc3 Rd4 65. Bg4 Rd5
66. Bh5 Re5 67. Bg4 Re3+ 68. Kc2 Kb4 69. Kd2 Rxb3 70. Ke2 Kc5 71. Kf2 Kd4 72.
Kg3 Ke3 73. Bf5 Rb2 74. Be4 Ra2 75. Kg4 Rg2+ 76. Kf5 Rg1 77. Bb7 Rg3 78. Bc6
Kf2 79. Bd5 Kg1 80. Ke4 Kh2 81. Be6 Rg1 82. Kf5 Kh3 83. f4 g4 84. Kg5 Kh2 85.
Bxg4 Rf1 86. f5 Rxf5+ 87. Bxf5 1/2-1/2